| 000 | 02560nam a2200397Ia 4500 | ||
|---|---|---|---|
| 999 |
_c53810 _d53810 |
||
| 001 | 20861 | ||
| 003 | GE_BSU | ||
| 005 | 20210520142616.0 | ||
| 008 | 181216s ||||ge |||||||||||||| ||geo|| | ||
| 020 | _a9789941457456 | ||
| 040 | _cGE_BSU | ||
| 041 | _ageo | ||
| 080 | _a1+91 თ-15 | ||
| 100 |
_aთავაძე, გიორგი _92230 |
||
| 245 |
_aფილოსოფიური გეოგრაფია : _bისტორია, პრობლემები, პერსპექტივები = Philosophical Geography : History, Problems and Perspectives / _cგიორგი თავაძე ; რედაქტორები : იოახიმ ფონ ვედელი, ლალი ზაქარაძე, გიორგი თავაძე, გიორგი ხუროშვილი ; სერიის დამფუძნებელი და მთ. რედ. თენგიზ ირემაძე. |
||
| 264 |
_aთბილისი : _bნეკერი, _c2016. |
||
| 300 |
_a358 გვ. ; _c20 სმ. |
||
| 500 | _aწიგნი ეძღვნება ნორვეგიელი მოგზაურის რუალ ამუნდსენის (1872-1928) ხსოვნას | ||
| 500 | _aსაძიებლები გვ. : 311-338 | ||
| 504 | _aბიბლიოგრაფია გვ. : 283-310 | ||
| 541 | _h22ლ. | ||
| 653 | _aPhilosophical Geography | ||
| 653 | _a History | ||
| 653 | _aProblems and Perspectives | ||
| 653 | _aფილოსოფიური გეოგრაფია | ||
| 653 | _aგეოგრაფია | ||
| 653 | _aფილოსოფია | ||
| 653 | _a სოციოლოგია | ||
| 700 |
_aვედელი, იოახიმ ფონ _eრედაქტორი _911859 |
||
| 700 |
_aზაქარაძე, ლალი _eრედაქტორი _911860 |
||
| 700 |
_aთავაძე, გიორგი _eრედაქტორი _92230 |
||
| 700 |
_aხუროშვილი, გიორგი _eრედაქტორი _95941 |
||
| 700 |
_aირემაძე, თენგიზ _eმთავარი რედაქტორი _92229 |
||
| 710 |
_aგრიგოლ რობაქიძის სახელობის უნივერსიტეტი _eფილოსოფიისა და სოციალურ მეცნიერებათა კვლევითი ინსტიტუტი. _911861 |
||
| 942 |
_cBK _2udc |
||